Waters of hope : (Record no. 67880)
[ view plain ]
| 000 -LEADER | |
|---|---|
| fixed length control field | 01005nam a2200265 a 4500 |
| 001 - CONTROL NUMBER | |
| control field | 67880 |
| 003 - CONTROL NUMBER IDENTIFIER | |
| rucl marc code | BD-RjUL |
| 005 - DATE AND TIME OF LATEST TRANSACTION | |
| control field | 20211209081713.0 |
| 008 - FIXED-LENGTH DATA ELEMENTS--GENERAL INFORMATION | |
| fixed length control field | 170329s1990 ii b 001 0 eng d |
| 020 ## - INTERNATIONAL STANDARD BOOK NUMBER | |
| International Standard Book Number | 8120405196 |
| 035 ## - SYSTEM CONTROL NUMBER | |
| System control number | (BD-RjUL)68089 |
| 040 ## - CATALOGING SOURCE | |
| Original cataloging agency | DLC |
| Transcribing agency | DLC |
| Modifying agency | DLC |
| -- | BD-RjUL |
| Language of cataloging | eng |
| 041 ## - LANGUAGE CODE | |
| Language code of text/sound track or separate title | eng |
| 082 00 - DEWEY DECIMAL CLASSIFICATION NUMBER | |
| Classification number | 333.9100954 |
| Edition number | 23 |
| Author mark and year | VEW 1990 |
| 100 1# - MAIN ENTRY--PERSONAL NAME | |
| Personal name | Verghese, B. G. |
| 9 (RLIN) | 201230 |
| 245 10 - TITLE STATEMENT | |
| Title | Waters of hope : |
| Remainder of title | integrated water resource development and regional cooperation within the Himalayan-Ganga-Brahmaputra-Barak basin / |
| Statement of responsibility, etc. | B.G. Verghese. |
| 260 ## - PUBLICATION, DISTRIBUTION, ETC. (IMPRINT) | |
| Place of publication, distribution, etc. | New Delhi : |
| Name of publisher, distributor, etc. | Oxford & IBH Pub. Co., |
| Date of publication, distribution, etc. | c1990. |
| 300 ## - PHYSICAL DESCRIPTION | |
| Pagination | xvi, 446 p. : |
| Illustrations | ill. ; |
| Size | 25 cm. |
| 500 ## - GENERAL NOTE | |
| General note | "Under the auspices of the Centre for Policy Research, New Delhi." |
| 504 ## - BIBLIOGRAPHY, ETC. NOTE | |
| Bibliography, etc | Includes bibliographical references and index |
| 650 #0 - SUBJECT ADDED ENTRY--TOPICAL TERM | |
| Topical term or geographic name as entry element | Water resources development |
| Geographic subdivision | South Asia. |
| 9 (RLIN) | 201231 |
| Topical term or geographic name as entry element | South Asian cooperation. |
| 9 (RLIN) | 126856 |
| 710 1# - ADDED ENTRY--CORPORATE NAME | |
| Corporate name or jurisdiction name as entry element | Centre for Policy Research (New Delhi, India) |
| 9 (RLIN) | 134721 |
| 942 ## - ADDED ENTRY ELEMENTS (KOHA) | |
| Source of classification or shelving scheme | Dewey Decimal Classification |
| Koha item type | Books |
| Lost status | Source of classification or shelving scheme | Damaged status | Not for loan | Collection code | Permanent Location | Current Location | Shelving location | Date acquired | Source of acquisition | Cost, normal purchase price | Total Checkouts | Full call number | Date last seen | Copy number | Koha item type |
|---|---|---|---|---|---|---|---|---|---|---|---|---|---|---|---|
| Dewey Decimal Classification | Not For Loan | Non-fiction | Central Library, University of Rajshahi | Central Library, University of Rajshahi | Reading Room | 19/07/1997 | Favourite Book Centre,Dhaka | 592.50 | 333.9100954 VEW 1990 | 29/03/2017 | C-1 | Books |